000 00378nam a22001337a 4500
005 20260211092618.0
020 _a978 56789 000 23 4
082 _a82-1=573.14 CHA
100 _aCHANDRAN, Simple
245 _aRandu sathru rajyangalkkidayile mathil (Malayalam)
260 _aThiruvananthapuram
_bMalayala Sahuthya Academy & Research Centre
_c2024
300 _a103p.
942 _cBK
999 _c75809
_d75809